000 01438cam a22003734a 4500
001 14830881
003 OSt
005 20150408114046.0
008 120623s2008 paua | b 001 0 eng
010 _a 2007017928
020 _a9780808923633
035 _a(DNLM)101305800
040 _aDNLM/DLC
_cMU
_dDLC
042 _apcc
050 0 0 _b.G72 2008
060 1 0 _bG784 2008
082 0 0 _a611.00223 G R A
_222
245 0 0 _aGray's atlas of anatomy /
_cRichard L. Drake ... [et al.].
246 3 0 _aAtlas of anatomy
250 _a1st ed.
260 _aPhiladelphia :
_bChurchill Livingstone,
_cc2008.
300 _axvi, 558 p. ;
_bmostly col. ill. :
_c28 cm.
500 _aCompanion to: Gray's anatomy for students / Richard L. Drake, Wayne Vogl, Adam W.M. Mitchell. 2005.
504 _aIncludes and index.
505 0 _aThe Body -- Back -- Thorax -- Abdomen -- Pelvis and perineum -- Lower limb -- Upper limb -- Head and neck.
650 4 _aAnatomy
_vAtlases.
650 4 _aAnatomy
_vAtlases.
700 1 _aDrake, Richard L.
_q(Richard Lee),
_d1950-
_916174
700 1 _aDrake, Richard L.
_q(Richard Lee),
_d1950-
_tGray's anatomy for students.
_916175
700 1 _aGray, Henry,
_d1825-1861.
_tGray's anatomy.
_916176
906 _a0
_bvip
_corignew
_d1
_eecip
_f20
_gy-gencatlg
942 _2ddc
_cDVD
999 _c24234
_d258734